Specification for fire resistant conveyor belting for underground use in coal mines. (Tentative) (Record no. 73641)

MARC details
000 -LEADER
fixed length control field 00508nam a2200157Ia 4500
245 #0 - TITLE STATEMENT
Title Specification for fire resistant conveyor belting for underground use in coal mines. (Tentative)
260 ## - PUBLICATION, DISTRIBUTION, ETC. (IMPRINT)
Place of publication New Delhi
260 ## - PUBLICATION, DISTRIBUTION, ETC. (IMPRINT)
Year of publication 1966
Name of publisher Indian Standards Institution
490 ## - SERIES STATEMENT
Series statement Pulleys and belts sectional committee, EDC 42
500 ## - GENERAL NOTE
General note Standard number: IS 31881
650 ## - SUBJECT ADDED ENTRY--TOPICAL TERM
Topical Term Coal mine
650 ## - SUBJECT ADDED ENTRY--TOPICAL TERM
Topical Term Conveyor belt
650 ## - SUBJECT ADDED ENTRY--TOPICAL TERM
Topical Term Fire resistant
942 ## - ADDED ENTRY ELEMENTS (KOHA)
Koha item type Standards
Holdings
Withdrawn status Lost status Damaged status Not for loan Home library Current library Date acquired Koha item type
      Standards RRII Library RRII Library 31/12/2021 Standards